|
|
|
|
| LEADER |
01955nam a2200277 a 4500 |
| 001 |
GR-Antirio932 |
| 008 |
140321s2006 gr g 000 0 gre d |
| 020 |
|
|
|a 9603516554
|
| 040 |
|
|
|a GrPaTEI
|b gre
|c GR-PaULI
|
| 040 |
|
|
|a GrPaTEI
|b gre
|c GR-PaULI
|
| 082 |
|
0 |
|a 658.4034
|2 21
|
| 100 |
1 |
|
|a Φράγκος, Χρήστος Κ.,
|d 1949-
|
| 245 |
1 |
0 |
|a Εισαγωγή στην επιχειρησιακή έρευνα :
|b λήψη αποφάσεων με εφαρμογή μαθηματικών μοντέλων /
|c Χρήστος Κων/νου Φράγκος.
|
| 260 |
|
|
|a Αθήνα :
|b Σταμούλης,
|c 2006
|
| 300 |
|
|
|a 483 σ. :
|b διαγ., πίν.
|
| 500 |
|
|
|a Σύστημα "ΕΥΔΟΞΟΣ": αρ. εισ. 9252, 9411, 9624, 9673
|
| 500 |
|
|
|a Τμήμα Μηχανικών Πληροφορικής Τ.Ε. (Αντίρριο)
|
| 504 |
|
|
|a Βιβλιογραφία: σ. [471]-483
|
| 650 |
|
4 |
|a Επιχειρησιακή έρευνα
|
| 942 |
|
|
|2 ddc
|
| 952 |
|
|
|0 0
|1 0
|2 ddc
|4 0
|6 658_403400000000000_ΦΡΑ
|7 0
|9 262477
|a LISK-2
|b LISK-2
|c EUD
|d 2021-01-17
|e 24
|f 0
|g 0.00
|l 0
|o 658.4034 ΦΡΑ
|p 2430000009252
|r 2021-01-17 00:00:00
|t 1
|w 2021-01-17
|y BK15
|x 20140321 0 ΧΑΣΑΝΗ 1
|x GrPaTEI - Antirrio
|
| 952 |
|
|
|0 0
|1 0
|2 ddc
|4 0
|6 658_403400000000000_ΦΡΑ
|7 0
|9 262478
|a LISK-2
|b LISK-2
|c EUD
|d 2021-01-17
|e 24
|f 0
|g 0.00
|l 0
|o 658.4034 ΦΡΑ
|p 2430000009411
|r 2021-01-17 00:00:00
|t 1
|w 2021-01-17
|y BK15
|x 20141111 0 ΧΑΣΑΝΗ 1
|x GrPaTEI - Antirrio
|
| 952 |
|
|
|0 0
|1 0
|2 ddc
|4 0
|6 658_403400000000000_ΦΡΑ
|7 0
|9 262479
|a LISK-2
|b LISK-2
|c EUD
|d 2021-01-17
|e 24
|f 0
|g 0.00
|l 0
|o 658.4034 ΦΡΑ
|p 2430000009624
|r 2021-01-17 00:00:00
|t 1
|w 2021-01-17
|y BK15
|x 20150430 0 1
|x GrPaTEI - Antirrio
|
| 952 |
|
|
|0 0
|1 0
|2 ddc
|4 0
|6 658_403400000000000_ΦΡΑ
|7 0
|9 262480
|a LISK-2
|b LISK-2
|c EUD
|d 2021-01-17
|e 24
|f 0
|g 0.00
|l 0
|o 658.4034 ΦΡΑ
|p 2430000009673
|r 2021-01-17 00:00:00
|t 1
|w 2021-01-17
|y BK15
|x 20160401 0 ΧΑΣΑΝΗ 1
|x GrPaTEI - Antirrio
|
| 971 |
|
|
|a .b25707310
|b 15-04-20
|c 12-09-16
|
| 999 |
|
|
|c 151323
|d 151323
|